High druid of Shannara. (Record no. 3348)
[ view plain ]
| 000 -LEADER | |
|---|---|
| fixed length control field | 00536nam a2200193 ar4500 |
| 001 - CONTROL NUMBER | |
| control field | 3350 |
| 005 - DATE AND TIME OF LATEST TRANSACTION | |
| control field | 20221127090730.0 |
| 008 - FIXED-LENGTH DATA ELEMENTS--GENERAL INFORMATION | |
| fixed length control field | 130610s xxu 0001f|eng d |
| 020 ## - INTERNATIONAL STANDARD BOOK NUMBER | |
| International Standard Book Number | 0345490525(pbk) |
| 082 04 - DEWEY DECIMAL CLASSIFICATION NUMBER | |
| Classification number | 813.54 |
| Item number | B791 2006 |
| 100 1# - MAIN ENTRY--PERSONAL NAME | |
| Personal name | Brooks, Terry. |
| 245 10 - TITLE STATEMENT | |
| Title | High druid of Shannara. |
| Name of part/section of a work | Straken / |
| Statement of responsibility, etc. | Terry Brooks. |
| 246 1# - VARYING FORM OF TITLE | |
| Title proper/short title | Straken. |
| 260 ## - PUBLICATION, DISTRIBUTION, ETC. | |
| Place of publication, distribution, etc. | New York : |
| Name of publisher, distributor, etc. | Del Rey Book, |
| Date of publication, distribution, etc. | 2006. |
| 300 ## - PHYSICAL DESCRIPTION | |
| Extent | 410 p. ; |
| Dimensions | 18 cm. |
| 500 ## - GENERAL NOTE | |
| General note | Prev. ed. : 2005 |
| 650 #4 - SUBJECT ADDED ENTRY--TOPICAL TERM | |
| Topical term or geographic name entry element | American fiction |
| Chronological subdivision | 20th century. |
| 650 #4 - SUBJECT ADDED ENTRY--TOPICAL TERM | |
| Topical term or geographic name entry element | Fantasy fiction. |
No items available.
